Are You Afraid of the Dark? Episodes - Statistics

General Stats
  • This quiz has been taken 20 times
  • The average score is 45 of 91
Answer Stats
Hint Answer % Correct
Season 1 The Tale of Laughing in the Dark
100%
Season 1 The Tale of the Dark Music
100%
Season 3 The Tale of the Crimson Clown
88%
Season 3 The Tale of the Dangerous Soup
88%
Season 2 The Tale of the Frozen Ghost
88%
Season 2 The Tale of the Hatching
88%
Season 1 The Tale of the Phantom Cab
88%
Season 5 The Tale of Badge
75%
Season 5 The Tale of Dead Man's Float
75%
Season 1 The Tale of the Hungry Hounds
75%
Season 1 The Tale of the Lonely Ghost
75%
Season 1 The Tale of the Pinball Wizard
75%
Season 1 The Tale of the Prom Queen
75%
Season 1 The Tale of the Super Specs
75%
Season 1 The Tale of the Twisted Claw
75%
Season 3 The Tale of Watcher's Woods
75%
Season 5 The Tale of a Door Unlocked
63%
Season 3 The Tale of Apartment 214
63%
Season 5 The Tale of C7
63%
Season 1 The Tale of Jake and the Leprechaun
63%
Season 3 The Tale of the Dream Girl
63%
Season 4 The Tale of the Fire Ghost
63%
Season 4 The Tale of the Ghastly Grinner
63%
Season 2 The Tale of the Magician's Assistant
63%
Season 2 The Tale of the Midnight Madness
63%
Season 5 The Tale of the Night Shift
63%
Season 3 The Tale of the Quicksilver
63%
Season 4 The Tale of the Quiet Librarian
63%
Season 4 The Tale of the Renegade Virus
63%
Season 2 The Tale of the Shiny Red Bicycle
63%
Season 4 The Tale of the Silent Servant
63%
Season 2 The Tale of the Thirteenth Floor
63%
Season 4 The Tale of the Water Demons
63%
Season 7 The Tale of Highway 13
50%
Season 3 The Tale of the Bookish Babysitter
50%
Season 5 The Tale of the Chameleons
50%
Season 2 The Tale of the Dark Dragon
50%
Season 2 The Tale of the Final Wish
50%
Season 6 The Tale of the Forever Game
50%
Season 2 The Tale of the Full Moon
50%
Season 6 The Tale of the Gruesome Gourmets
50%
Season 5 The Tale of the Jagged Sign
50%
Season 7 The Tale of the Last Dance
50%
Season 4 The Tale of the Long Ago Locket
50%
Season 5 The Tale of the Manaha
50%
Season 3 The Tale of the Midnight Ride
50%
Season 1 The Tale of the Nightly Neighbors
50%
Season 7 The Tale of the Night Nurse
50%
Season 3 The Tale of the Phone Police
50%
Season 7 The Tale of the Reanimator
50%
Season 4 The Tale of the Room for Rent
50%
Season 5 The Tale of the Unexpected Visitor
50%
Season 4 The Tale of the Unfinished Painting
50%
Season 5 The Tale of the Vacant Lot
50%
Season 2 The Tale of the Whispering Walls
50%
Season 6 The Tale of Bigfoot Ridge
38%
Season 4 The Tale of Cutter's Treasure: Part 1
38%
Season 4 The Tale of Cutter's Treasure: Part 2
38%
Season 6 The Tale of Jake the Snake
38%
Season 2 The Tale of Locker 22
38%
Season 2 The Tale of Old Man Corcoran
38%
Season 5 The Tale of Station 109.1
38%
Season 1 The Tale of the Captured Souls
38%
Season 3 The Tale of the Curious Camera
38%
Season 3 The Tale of the Dollmaker
38%
Season 2 The Tale of the Dream Machine
38%
Season 3 The Tale of the Guardian's Curse
38%
Season 7 The Tale of the Laser Maze
38%
Season 6 The Tale of the Misfortune Cookie
38%
Season 7 The Tale of the Silver Sight, Part 1
38%
Season 7 The Tale of the Silver Sight, Part 2
38%
Season 7 The Tale of the Silver Sight, Part 3
38%
Season 7 The Tale of the Stone Maiden
38%
Season 6 The Tale of the Virtual Pets
38%
Season 6 The Tale of Vampire Town
38%
Season 6 The Tale of Oblivion
25%
Season 5 The Tale of Prisoners Past
25%
Season 3 The Tale of the Carved Stone
25%
Season 4 The Tale of the Closet Keepers
25%
Season 6 The Tale of the Hunted
25%
Season 5 The Tale of the Mystical Mirror
25%
Season 1 The Tale of the Sorcerer's Apprentice
25%
Season 6 The Tale of the Zombie Dice
25%
Season 4 The Tale of Train Magic
25%
Season 7 The Tale of Many Faces
13%
Season 7 The Tale of the Lunar Locusts
13%
Season 7 The Tale of the Photo Finish
13%
Season 6 The Tale of the Secret Admirer
13%
Season 6 The Tale of the Walking Shadow
13%
Season 7 The Tale of the Time Trap
0%
Season 6 The Tale of the Wisdom Glass
0%
No matching quizzes found
Score Distribution
Percent of People with Each Score
Percentile by Number Answered
Your Score History
You have not taken this quiz